Bambu na quinta (Record no. 45825)

MARC details
000 -Etiqueta do registo
Valores 00613cam a2200229 4500
010 ## - Número ISBN
ISBN 9726490154
021 ## - Número do Depósito Legal
Número 27996/89
100 ## - Dados gerais de processamento
Dados gerais 19890825d1989 bc.y0pory5003 ba
101 1# - Língua de publicação
Língua por
102 ## - País de publicação
País PT
200 1# - Titulo e menção de responsabilidade
Título próprio Bambu na quinta
Primeira menção de responsabilidade M. Badett
Outras menções de responsabilidade il. L. Boumans
-- trad. Ana Paula Pinto
210 #9 - Publicação
Local de publicação Porto
Nome do editor Desabrochar,
Data de publicação 1989
215 ## - Descrição física 
Paginação / Volumes [33] p.
Outras indicações físicas muito il.
Dimensões 23 cm
225 2# - Colecção 
Título próprio da colecção ˆAs ‰histórias de Bambu
Indicação de volume 2
675 ## - CDU
Notação 087.5
Edição BN
Língua por
700 #1 - Autor principal
Apelido Badett,
Nome M.
702 #1 - Autor secundário
Apelido Boumans,
Nome L.
Função 440
702 #1 - Autor secundário
Apelido Pinto,
Nome Ana Paula,
Datas 1963-
Função 730
801 #0 - Fonte de origem
País PT
Agência BN
Regras de catalogação RPC
990 ## - Elementos KOHA
Tipo de documento Livro
Holdings
Aquisição Empréstimo Código de barras Cota Permissão de empréstimo Tipo de documento
Biblioteca do Centro Escolar de Montoito Biblioteca do Centro Escolar de Montoito 82610 82-93 BAD LIT. INF. JUV.   Livro

Powered by Koha